Cómo gestionar las ciudades del siglo XXI: del city marketing al urban management

Spremljeno u:
Bibliografski detalji
Glavni autor: Seisdedos, Gildo (Autor)
Format: Knjiga
Jezik:španjolski
Izdano: Madrid Prentice-Hall 2007
Serija:Financial Times
Teme:
Oznake: Dodaj oznaku
Bez oznaka, Budi prvi tko označuje ovaj zapis!

MARC

LEADER 00000nam a2200000 a 4500
001 UCH0681
003 CL-VaPUC
008 090320e20070000SP |||||||||||||||||spa|d
020 |a 9788483223567 
082 0 4 |a 711.4  |b SEI  |2 21 
100 0 |a Seisdedos, Gildo  |e author  |9 534935 
245 1 0 |a Cómo gestionar las ciudades del siglo XXI: del city marketing al urban management 
300 |a 177 p 
942 |c BK 
945 |d 20090320 00:00:00  |a rbrito 
260 |a Madrid  |b Prentice-Hall  |c 2007 
650 0 |a Planificación urbana   |9 258176 
650 7 |a DESARROLLO URBANO  |2 CL-VaPUC  |9 534936 
650 0 |a Urbanización   |9 265706 
583 |a last modification  |c 20140403 04:47:48  |k Rodrigo Vera 
490 0 |a Financial Times 
999 |c 332935  |d 332933 
952 |0 0  |1 0  |4 0  |6 711_400000000000000_SEI_2007  |7 0  |8 A  |9 421005  |a BIBENE  |b BIBENE  |d 2019-11-22  |i 4521331  |o 711.4 SEI 2007  |p 4521331  |r 2025-01-15  |w 2019-11-22  |y BK  |k ICO